| 000 | 00837nam a2200217Ii 4500 | ||
|---|---|---|---|
| 003 | JO-AjNU | ||
| 008 | 230605s9999||||xx |||||||||||||| ||und|| | ||
| 017 | _a2002/16971 | ||
| 040 |
_aJO-AjNU _bara _erda _cJO-AjNU |
||
| 041 | _aara | ||
| 050 | 1 | 4 | _aPJ7750.M7.A17 2002 |
| 100 | 3 |
_aتقديم جاد الرب، إبراهيم الدسوقي, _eauthor _946070 |
|
| 245 | 0 | 0 | _aديوان تميم بن المعز لدين الله الفاطمي |
| 264 | 3 | 1 | _aالقاهرة: الهيئة العامة لقصور الثقافة، 2002 |
| 300 |
_a476ص _bيشتمل على فهرس من ص 465 - 476 |
||
| 336 |
_atext _btxt _2rdacontent |
||
| 337 |
_aunmediated _bn _2rdamedia |
||
| 338 |
_avolume _bnc _2rdacarrier |
||
| 490 | 0 | _aالذخائر؛ 84 | |
| 650 | 4 |
_aالشعر العربي - العصر الفاطمي، 696 - 1171 _946071 |
|
| 999 |
_aA20016 _c23584 _d23584 |
||